[Event "Titled Tuesday 2021.06.29"]
[Site "chess.com INT"]
[Date "2021.06.29"]
[Round "5"]
[White "Kaufman, Raymond"]
[Black "Mrudul, Dehankar"]
[Result "1/2-1/2"]
[WhiteElo "2255"]
[BlackElo "2256"]
[PlyCount "81"]
[GameId "2130307586186701"]
[EventDate "2021.06.29"]
[EventType "swiss (blitz)"]
[EventRounds "11"]
[EventCountry "NET"]
[SourceTitle "The Week in Chess 1391"]
[Source "Mark Crowther"]
[SourceDate "2021.07.05"]
[SourceVersion "2"]
[SourceVersionDate "2021.07.07"]
[SourceQuality "2"]

1. e4 c5 2. Nf3 d6 3. d4 cxd4 4. Qxd4 a6 5. c4 Nc6 6. Qe3 g6 7. Nc3 Bg7 8. Be2 Nf6 9. h3 O-O 10. O-O Ne8 11. Rd1 Bd7 12. Rb1 Nc7 13. Nd5 b5 14. Nb6 Rb8 15. Nxd7 Qxd7 16. c5 Ne6 17. cxd6 exd6 18. Bd2 Qe7 19. Bc3 Nc5 20. Bxg7 Kxg7 21. Nd4 Ne5 22. f4 Nc4 23. Bxc4 bxc4 24. Nc6 Qxe4 25. Qxe4 Nxe4 26. Nxb8 Rxb8 27. Rbc1 Rxb2 28. Rxc4 Ng3 29. Ra4 Ne2+ 30. Kh2 Nc3 31. Rdd4 Nxa4 32. Rxa4 Rb6 33. g3 Kf6 34. Kg2 Ke6 35. Kf3 d5 36. Ke3 Kd6 37. Kd4 Rc6 38. Kd3 Rb6 39. Kd4 Rc6 40. Kd3 Rb6 41. Kd4 1/2-1/2

[Event "Titled Tuesday 2021.06.29"]
[Site "chess.com INT"]
[Date "2021.06.29"]
[Round "6"]
[White "Grigoryan, Meri"]
[Black "Kaufman, Raymond"]
[Result "0-1"]
[WhiteElo "2044"]
[BlackElo "2255"]
[PlyCount "66"]
[GameId "2130307586186741"]
[EventDate "2021.06.29"]
[EventType "swiss (blitz)"]
[EventRounds "11"]
[EventCountry "NET"]
[SourceTitle "The Week in Chess 1391"]
[Source "Mark Crowther"]
[SourceDate "2021.07.05"]
[SourceVersion "2"]
[SourceVersionDate "2021.07.07"]
[SourceQuality "2"]

1. c4 b6 2. Nf3 Bb7 3. Nc3 e6 4. g3 Bxf3 5. exf3 c5 6. Bg2 Nc6 7. f4 Rc8 8. O-O Nge7 9. Re1 Nf5 10. d3 Be7 11. Be3 O-O 12. Ne2 Bf6 13. Qc2 Ncd4 14. Bxd4 Nxd4 15. Nxd4 Bxd4 16. Bh3 f5 17. Bg2 Kh8 18. Rad1 g5 19. fxg5 Qxg5 20. Kh1 f4 21. Qd2 Rf6 22. Re4 Rcf8 23. Rf1 h6 24. h4 Qh5 25. Rxf4 Rxf4 26. gxf4 Qxh4+ 27. Kg1 Rg8 28. Qe2 Rg4 29. Qe4 Rxf4 30. Qa8+ Kg7 31. Qb7 Bxf2+ 32. Rxf2 Qxf2+ 33. Kh1 Rh4+ 0-1

[Event "Titled Tuesday 2021.06.29"]
[Site "chess.com INT"]
[Date "2021.06.29"]
[Round "7"]
[White "Kaufman, Raymond"]
[Black "Coelho, Ramyres Santana"]
[Result "1-0"]
[WhiteElo "2255"]
[BlackElo "1981"]
[PlyCount "71"]
[GameId "2130307586190884"]
[EventDate "2021.06.29"]
[EventType "swiss (blitz)"]
[EventRounds "11"]
[EventCountry "NET"]
[SourceTitle "The Week in Chess 1391"]
[Source "Mark Crowther"]
[SourceDate "2021.07.05"]
[SourceVersion "2"]
[SourceVersionDate "2021.07.07"]
[SourceQuality "2"]

1. d4 Nf6 2. Bf4 g6 3. e3 Bg7 4. Nd2 O-O 5. h3 c5 6. c3 cxd4 7. exd4 d6 8. Ngf3 b6 9. Bd3 Bb7 10. O-O Nbd7 11. Qe2 Nh5 12. Bh2 Kh8 13. Be4 Bxe4 14. Nxe4 Nhf6 15. a4 Nxe4 16. Qxe4 Nf6 17. Qe2 Qd7 18. Rfd1 Nd5 19. c4 Nb4 20. a5 Rac8 21. axb6 axb6 22. Ra3 Nc6 23. Ra6 Qb7 24. Rda1 Nxd4 25. Nxd4 Bxd4 26. Ra7 Qc6 27. Qxe7 Qxc4 28. Bxd6 Rce8 29. Qc7 Qxc7 30. Rxc7 Rg8 31. Rxf7 Re2 32. Raa7 Bg7 33. Bb4 Rxb2 34. Bc3 Rb1+ 35. Kh2 Bxc3 36. Rxh7# 1-0

[Event "Titled Tuesday 2021.06.29"]
[Site "chess.com INT"]
[Date "2021.06.29"]
[Round "9"]
[White "Senthil, Maran K"]
[Black "Kaufman, Raymond"]
[Result "0-1"]
[WhiteElo "2220"]
[BlackElo "2255"]
[PlyCount "94"]
[GameId "2130307586195066"]
[EventDate "2021.06.29"]
[EventType "swiss (blitz)"]
[EventRounds "11"]
[EventCountry "NET"]
[SourceTitle "The Week in Chess 1391"]
[Source "Mark Crowther"]
[SourceDate "2021.07.05"]
[SourceVersion "2"]
[SourceVersionDate "2021.07.07"]
[SourceQuality "2"]

1. d4 Nf6 2. Nf3 g6 3. g3 Bg7 4. Bg2 c5 5. O-O cxd4 6. Nxd4 O-O 7. c4 Nc6 8. Nc3 Nxd4 9. Qxd4 d6 10. Qh4 Be6 11. Rd1 Qc7 12. b3 Ng4 13. Nb5 Qc5 14. Be3 Nxe3 15. fxe3 Qxe3+ 16. Kh1 Bf6 17. Qf4 Qxf4 18. gxf4 Bxa1 19. Rxa1 a6 20. Nd4 Rab8 21. e4 Bd7 22. a4 e5 23. Ne2 Bg4 24. Nc3 Be6 25. f5 gxf5 26. exf5 Bxf5 27. Nd5 Be6 28. Nf6+ Kg7 29. Rf1 b5 30. cxb5 axb5 31. a5 Rfd8 32. a6 d5 33. Nh5+ Kf8 34. b4 Ra8 35. Nf6 Rxa6 36. Nxh7+ Ke7 37. Ng5 Rda8 38. Nf3 Ra1 39. Nxe5 Rxf1+ 40. Bxf1 Kd6 41. Nd3 d4 42. Kg1 Bc4 43. Nc5 Ra1 44. Kf2 Rxf1+ 45. Kg3 Rf5 46. Na6 d3 47. h3 d2 0-1

[Event "Titled Tuesday 2021.06.29"]
[Site "chess.com INT"]
[Date "2021.06.29"]
[Round "10"]
[White "Kaufman, Raymond"]
[Black "Yang, Kaiqi"]
[Result "1-0"]
[WhiteElo "2255"]
[BlackElo "2481"]
[PlyCount "69"]
[GameId "2130307586195090"]
[EventDate "2021.06.29"]
[EventType "swiss (blitz)"]
[EventRounds "11"]
[EventCountry "NET"]
[SourceTitle "The Week in Chess 1391"]
[Source "Mark Crowther"]
[SourceDate "2021.07.05"]
[SourceVersion "2"]
[SourceVersionDate "2021.07.07"]
[SourceQuality "2"]

1. e4 c5 2. Nc3 Nc6 3. Bb5 Nd4 4. Nf3 e6 5. Nxd4 cxd4 6. Ne2 Bc5 7. O-O a6 8. Bd3 Ne7 9. c3 Nc6 10. Kh1 O-O 11. f4 d6 12. b4 Ba7 13. Bb2 f5 14. exf5 exf5 15. cxd4 Be6 16. a3 Ne7 17. Rc1 Qd7 18. Ng3 Nd5 19. Qf3 g6 20. Bc4 Qf7 21. Rfe1 Nxf4 22. Rxe6 Nxe6 23. Re1 Rae8 24. Qe2 f4 25. Ne4 d5 26. Bxd5 Qd7 27. Nc3 Rf6 28. Qg4 Bxd4 29. Ne4 Rf7 30. Bxe6 Qxe6 31. Qxe6 Rxe6 32. Bxd4 Rfe7 33. d3 Kf7 34. Ng5+ Ke8 35. Rxe6 1-0

[Event "Titled Tuesday 2021.05.18"]
[Site "chess.com INT"]
[Date "2021.05.18"]
[Round "1"]
[White "Yeremyan, Alen"]
[Black "Kaufman, Raymond"]
[Result "1-0"]
[WhiteElo "2172"]
[BlackElo "2255"]
[PlyCount "131"]
[GameId "2130307587079706"]
[EventDate "2021.05.18"]
[EventType "swiss (blitz)"]
[EventRounds "11"]
[EventCountry "NET"]
[SourceTitle "The Week in Chess 1385"]
[Source "Mark Crowther"]
[SourceDate "2021.05.24"]
[SourceVersion "1"]
[SourceVersionDate "2021.05.24"]
[SourceQuality "2"]

1. d4 d5 2. Nf3 Nf6 3. Bf4 e6 4. e3 c5 5. c4 Nc6 6. dxc5 Bxc5 7. Nc3 O-O 8. Be2 d4 9. exd4 Nxd4 10. Nxd4 Qxd4 11. Qxd4 Bxd4 12. Nb5 Bb6 13. Bf3 e5 14. Bg5 e4 15. Be2 Ng4 16. Bxg4 Bxg4 17. Be3 Ba5+ 18. Bd2 Bb6 19. h3 Be6 20. Rc1 Rac8 21. b3 Rfd8 22. Be3 Ba5+ 23. Ke2 a6 24. Nd4 Bd7 25. Rhd1 f5 26. a3 Bc7 27. g3 Be5 28. Rd2 Kf7 29. Rcd1 Be6 30. Ke1 g6 31. Nxe6 Rxd2 32. Ng5+ Kf6 33. Bxd2 h6 34. Nh7+ Kg7 35. Be3 Rc7 36. Nf8 Kxf8 37. Bxh6+ Kf7 38. Be3 Bc3+ 39. Ke2 Kf6 40. Rd6+ Kf7 41. h4 Be5 42. Rd5 Ke6 43. a4 Rc6 44. Rd8 Bf6 45. Rg8 Kf7 46. Rb8 Rc7 47. a5 Rd7 48. b4 Be5 49. Rc8 Rc7 50. Rxc7+ Bxc7 51. Bd2 Bd6 52. b5 Bc5 53. Be3 Bb4 54. Bb6 Ke6 55. bxa6 bxa6 56. Ke3 Be7 57. Kd4 Bf6+ 58. Kc5 Bc3 59. Kc6 Bd2 60. Kb7 f4 61. gxf4 Bxf4 62. c5 Kd5 63. c6 Kc4 64. c7 Bxc7 65. Kxc7 Kb5 66. Kb7 1-0

[Event "Titled Tuesday 2021.05.18"]
[Site "chess.com INT"]
[Date "2021.05.18"]
[Round "2"]
[White "Kaufman, Raymond"]
[Black "Donatti, Alvaro"]
[Result "1-0"]
[WhiteElo "2255"]
[BlackElo "2193"]
[PlyCount "111"]
[GameId "2130307587079738"]
[EventDate "2021.05.18"]
[EventType "swiss (blitz)"]
[EventRounds "11"]
[EventCountry "NET"]
[SourceTitle "The Week in Chess 1385"]
[Source "Mark Crowther"]
[SourceDate "2021.05.24"]
[SourceVersion "1"]
[SourceVersionDate "2021.05.24"]
[SourceQuality "2"]

1. d4 Nf6 2. c4 g6 3. Nc3 d5 4. Qa4+ c6 5. Nf3 Bg7 6. Bf4 O-O 7. e3 Nbd7 8. Qa3 dxc4 9. Bxc4 Nb6 10. Be2 Bg4 11. h3 Be6 12. O-O Bc4 13. Rac1 Bxe2 14. Nxe2 Ne4 15. Rfd1 Qd7 16. Ne5 Qe6 17. b3 Nd5 18. Bh2 a6 19. f3 Nef6 20. e4 Nb6 21. Nf4 Qd6 22. Qb2 Rad8 23. Nc4 Nxc4 24. bxc4 Qd7 25. e5 Ne8 26. d5 Nc7 27. Qe2 Qf5 28. e6 fxe6 29. dxe6 Be5 30. Nd3 Bxh2+ 31. Kxh2 Nxe6 32. Qe5 Qxe5+ 33. Nxe5 Rxd1 34. Rxd1 Rd8 35. Rb1 b5 36. Nxc6 Rd7 37. cxb5 axb5 38. Rxb5 Kf7 39. Ne5+ Ke8 40. Nxd7 Kxd7 41. a4 Kc6 42. Re5 Kd6 43. Rxe6+ Kxe6 44. a5 Kd6 45. Kg3 Kc6 46. Kf4 Kb5 47. Ke5 Kxa5 48. Ke6 Kb5 49. Kxe7 Kc5 50. Kf6 Kd5 51. Kg7 Ke6 52. Kxh7 Kf7 53. Kh6 Kf6 54. h4 Kf7 55. Kg5 Kg7 56. g4 1-0

[Event "Titled Tuesday 2021.05.18"]
[Site "chess.com INT"]
[Date "2021.05.18"]
[Round "3"]
[White "Kaufman, Raymond"]
[Black "Bodnaruk, Anastasia"]
[Result "0-1"]
[WhiteElo "2255"]
[BlackElo "2457"]
[PlyCount "102"]
[GameId "2130307587079805"]
[EventDate "2021.05.18"]
[EventType "swiss (blitz)"]
[EventRounds "11"]
[EventCountry "NET"]
[SourceTitle "The Week in Chess 1385"]
[Source "Mark Crowther"]
[SourceDate "2021.05.24"]
[SourceVersion "1"]
[SourceVersionDate "2021.05.24"]
[SourceQuality "2"]

1. e4 c5 2. c3 Nf6 3. e5 Nd5 4. d4 cxd4 5. Nf3 Nc6 6. cxd4 d6 7. Bc4 Nb6 8. Bb5 dxe5 9. Nxe5 Bd7 10. Nxd7 Qxd7 11. Nc3 e6 12. O-O Be7 13. Qg4 g6 14. Be3 O-O 15. Rad1 f5 16. Qf3 Nd5 17. Nxd5 exd5 18. Rc1 Rac8 19. Rc3 f4 20. Bd2 Qf5 21. Bxc6 bxc6 22. Rfc1 Rf6 23. h3 g5 24. Qg4 Qxg4 25. hxg4 Kf7 26. Rb3 Rc7 27. Kf1 c5 28. Ba5 Rc8 29. Rb7 Ra6 30. Re1 Re8 31. Bc3 cxd4 32. Bxd4 Rc6 33. Rxa7 Rc4 34. Be5 Kf8 35. a4 d4 36. Bg7+ Kxg7 37. Raxe7+ Rxe7 38. Rxe7+ Kf6 39. Ra7 d3 40. Ke1 Rc2 41. b4 Re2+ 42. Kd1 Rxf2 43. b5 Rxg2 44. b6 f3 45. Ra8 Kg7 46. Ra7+ Kg6 47. b7 Rb2 48. Ra6+ Kg7 49. Rd6 f2 50. Rd7+ Kf6 51. Rd6+ Ke5 0-1

[Event "Titled Tuesday 2021.05.18"]
[Site "chess.com INT"]
[Date "2021.05.18"]
[Round "4"]
[White "Roque Sola, Gisela"]
[Black "Kaufman, Raymond"]
[Result "0-1"]
[WhiteElo "2046"]
[BlackElo "2255"]
[PlyCount "68"]
[GameId "2130307587083977"]
[EventDate "2021.05.18"]
[EventType "swiss (blitz)"]
[EventRounds "11"]
[EventCountry "NET"]
[SourceTitle "The Week in Chess 1385"]
[Source "Mark Crowther"]
[SourceDate "2021.05.24"]
[SourceVersion "1"]
[SourceVersionDate "2021.05.24"]
[SourceQuality "2"]

1. c4 Nf6 2. Nf3 g6 3. g3 Bg7 4. Bg2 O-O 5. O-O d5 6. cxd5 Nxd5 7. Nc3 Nb6 8. d3 Nc6 9. Be3 e5 10. Qd2 Nd4 11. Bh6 c6 12. Bxg7 Nxf3+ 13. Bxf3 Kxg7 14. a4 f5 15. Qc2 Be6 16. a5 Nd5 17. e4 Nb4 18. Qe2 Qxd3 19. exf5 Qxe2 20. Nxe2 gxf5 21. Rac1 Nd3 22. Rc2 Rad8 23. a6 e4 24. Bg2 b5 25. Rxc6 Bc4 26. Nf4 Nxf4 27. gxf4 Bxf1 28. Bxf1 Rd2 29. Bxb5 Rxb2 30. Bc4 Rc2 31. Rc7+ Kf6 32. Rc6+ Ke7 33. Re6+ Kd7 34. Bb3 Rb2 0-1

[Event "Titled Tuesday 2021.05.18"]
[Site "chess.com INT"]
[Date "2021.05.18"]
[Round "5"]
[White "Ceres, Dragos"]
[Black "Kaufman, Raymond"]
[Result "1-0"]
[WhiteElo "2257"]
[BlackElo "2255"]
[PlyCount "44"]
[GameId "2130307587088107"]
[EventDate "2021.05.18"]
[EventType "swiss (blitz)"]
[EventRounds "11"]
[EventCountry "NET"]
[SourceTitle "The Week in Chess 1385"]
[Source "Mark Crowther"]
[SourceDate "2021.05.24"]
[SourceVersion "1"]
[SourceVersionDate "2021.05.24"]
[SourceQuality "2"]

1. e4 c5 2. Nf3 e6 3. c3 Nf6 4. e5 Nd5 5. d4 cxd4 6. cxd4 d6 7. Bc4 Nc6 8. O-O Be7 9. Bd2 O-O 10. Nc3 Nxc3 11. Bxc3 dxe5 12. dxe5 Qxd1 13. Raxd1 b6 14. Bb5 Na5 15. b4 a6 16. Bd3 Nb7 17. Be4 a5 18. b5 Ra7 19. Nd4 Nc5 20. Bf3 Bd7 21. Nc6 Bxc6 22. bxc6 Rd7 1-0

[Event "Titled Tuesday 2021.05.18"]
[Site "chess.com INT"]
[Date "2021.05.18"]
[Round "6"]
[White "Kaufman, Raymond"]
[Black "Liyanage, Ranindu Dilshan"]
[Result "1-0"]
[WhiteElo "2255"]
[BlackElo "2203"]
[PlyCount "47"]
[GameId "2130307587088175"]
[EventDate "2021.05.18"]
[EventType "swiss (blitz)"]
[EventRounds "11"]
[EventCountry "NET"]
[SourceTitle "The Week in Chess 1385"]
[Source "Mark Crowther"]
[SourceDate "2021.05.24"]
[SourceVersion "1"]
[SourceVersionDate "2021.05.24"]
[SourceQuality "2"]

1. e4 c5 2. Nf3 d6 3. d4 cxd4 4. Nxd4 Nf6 5. Nc3 a6 6. Nb3 g6 7. Be3 Bg7 8. Be2 O-O 9. a4 Nc6 10. a5 Be6 11. Nd4 Nxa5 12. Nxe6 fxe6 13. e5 Ne8 14. exd6 exd6 15. Bg4 Nc6 16. Bxe6+ Kh8 17. O-O Nc7 18. Bb3 Qd7 19. Ra4 Ne5 20. Rh4 Bf6 21. Rh3 Rfe8 22. Ne4 Be7 23. f4 Ng4 24. Qxg4 1-0

[Event "Titled Tuesday 2021.05.18"]
[Site "chess.com INT"]
[Date "2021.05.18"]
[Round "7"]
[White "Kaufman, Raymond"]
[Black "Kapitanchuk, Tomas"]
[Result "1-0"]
[WhiteElo "2255"]
[BlackElo "2346"]
[PlyCount "61"]
[GameId "2130307587092331"]
[EventDate "2021.05.18"]
[EventType "swiss (blitz)"]
[EventRounds "11"]
[EventCountry "NET"]
[SourceTitle "The Week in Chess 1385"]
[Source "Mark Crowther"]
[SourceDate "2021.05.24"]
[SourceVersion "1"]
[SourceVersionDate "2021.05.24"]
[SourceQuality "2"]

1. d4 Nf6 2. c4 e6 3. Nf3 Bb4+ 4. Bd2 c5 5. Bxb4 cxb4 6. a3 bxa3 7. Rxa3 O-O 8. Nc3 d6 9. e4 a5 10. Bd3 Na6 11. O-O Nb4 12. Bb1 Nd7 13. Qd2 e5 14. Nb5 Ra6 15. Rd1 Qf6 16. c5 dxc5 17. dxc5 Nxc5 18. Qc3 Nd7 19. Qc7 Rc6 20. Qxa5 Nc2 21. Bxc2 Rxc2 22. Rc3 Rxb2 23. Nd6 b6 24. Qa3 Re2 25. Rxc8 Rxc8 26. Nxc8 Nc5 27. Nxb6 Ne6 28. Qa8+ Nf8 29. Nd7 Qe7 30. Nxf8 Qxf8 31. Rd8 1-0

[Event "Titled Tuesday 2021.05.18"]
[Site "chess.com INT"]
[Date "2021.05.18"]
[Round "11"]
[White "Kaufman, Raymond"]
[Black "Buksa, Nataliya"]
[Result "1/2-1/2"]
[WhiteElo "2255"]
[BlackElo "2414"]
[PlyCount "143"]
[GameId "2130307587096615"]
[EventDate "2021.05.18"]
[EventType "swiss (blitz)"]
[EventRounds "11"]
[EventCountry "NET"]
[SourceTitle "The Week in Chess 1385"]
[Source "Mark Crowther"]
[SourceDate "2021.05.24"]
[SourceVersion "1"]
[SourceVersionDate "2021.05.24"]
[SourceQuality "2"]

1. e4 c5 2. c3 Nf6 3. e5 Nd5 4. d4 cxd4 5. Nf3 Nc6 6. cxd4 d6 7. Bc4 Nb6 8. Bb5 dxe5 9. Nxe5 Bd7 10. Nxd7 Qxd7 11. Nc3 e6 12. O-O Be7 13. Qg4 O-O 14. Bh6 Bf6 15. Rad1 Kh8 16. Ne4 Qe7 17. Bxc6 bxc6 18. Bf4 Rfe8 19. Be5 Nd5 20. Qg3 Bxe5 21. dxe5 h6 22. Rc1 Rec8 23. Rc5 Rab8 24. Nd6 Rc7 25. b3 Rb4 26. Rfc1 Rd4 27. h3 Nf4 28. Qf3 Nd3 29. Rd1 Nxc5 30. Rxd4 Kg8 31. Rc4 Nd7 32. Rxc6 Rxc6 33. Qxc6 Nxe5 34. Qa8+ Qf8 35. Qxf8+ Kxf8 36. Kf1 Nd3 37. Nb5 a5 38. Ke2 Nc1+ 39. Kd2 Nxa2 40. Kd3 Ke7 41. Kc4 e5 42. Kd5 f6 43. Kc5 Nc1 44. Kc4 Kd7 45. Nc3 Kc6 46. g3 h5 47. g4 hxg4 48. hxg4 Kd6 49. Ne4+ Ke6 50. Nc5+ Kf7 51. Kb5 Kg6 52. Kxa5 Nxb3+ 53. Nxb3 Kg5 54. Kb5 Kxg4 55. Nd2 Kh3 56. Kc4 Kg2 57. f3 Kf2 58. Kd3 f5 59. Nc4 Kxf3 60. Nxe5+ Kf4 61. Kd4 g5 62. Nd3+ Kf3 63. Ne5+ Kf2 64. Ng6 g4 65. Ke5 g3 66. Nf4 Kf3 67. Kxf5 Kf2 68. Kg5 Kf3 69. Nh3 Kg2 70. Kg4 Kh2 71. Nf4 g2 72. Nxg2 1/2-1/2

[Event "Titled Tuesday 2021.05.04"]
[Site "chess.com INT"]
[Date "2021.05.04"]
[Round "5"]
[White "Abrashkin, Boris Vladimirovich"]
[Black "Kaufman, Raymond"]
[Result "1-0"]
[WhiteElo "2407"]
[BlackElo "2255"]
[PlyCount "79"]
[GameId "2130307587416315"]
[EventDate "2021.05.04"]
[EventType "swiss (blitz)"]
[EventRounds "11"]
[EventCountry "NET"]
[SourceTitle "The Week in Chess 1383"]
[Source "Mark Crowther"]
[SourceDate "2021.05.10"]
[SourceVersion "1"]
[SourceVersionDate "2021.05.10"]
[SourceQuality "2"]

1. d4 Nf6 2. c4 e6 3. Nc3 Bb4 4. f3 c5 5. d5 b5 6. e4 d6 7. Bd2 bxc4 8. Bxc4 O-O 9. Nge2 exd5 10. Nxd5 Bxd2+ 11. Qxd2 Nbd7 12. O-O Ne5 13. Nxf6+ Qxf6 14. Bd5 Rb8 15. Nc3 Be6 16. Rfd1 Rfd8 17. b3 Rb4 18. Qe3 Rd4 19. Nb5 Bxd5 20. Nxd4 cxd4 21. Qxd4 Be6 22. Qxa7 Nxf3+ 23. gxf3 Qxf3 24. Qf2 Qxe4 25. Rd4 Qg6+ 26. Qg3 Qc2 27. Qg2 Qc5 28. Rad1 h5 29. h3 g6 30. R1d2 Qc1+ 31. Kh2 Qe1 32. b4 h4 33. Qf2 Qe5+ 34. Qf4 Rb8 35. Qxe5 dxe5 36. Rd8+ Rxd8 37. Rxd8+ Kg7 38. b5 e4 39. Kg2 e3 40. b6 1-0

[Event "Titled Tuesday 2021.04.13"]
[Site "chess.com INT"]
[Date "2021.04.13"]
[Round "4"]
[White "Kaufman, Raymond"]
[Black "Espinosa Veloz, Ermes"]
[Result "1/2-1/2"]
[WhiteElo "2255"]
[BlackElo "2485"]
[PlyCount "162"]
[GameId "2130307587779433"]
[EventDate "2021.04.13"]
[EventType "swiss (blitz)"]
[EventRounds "11"]
[EventCountry "NET"]
[SourceTitle "The Week in Chess 1380"]
[Source "Mark Crowther"]
[SourceDate "2021.04.19"]
[SourceVersion "1"]
[SourceVersionDate "2021.04.19"]
[SourceQuality "2"]

1. d4 d5 2. c4 e6 3. Nc3 c6 4. e4 dxe4 5. Nxe4 Bb4+ 6. Nc3 Nf6 7. Nf3 O-O 8. a3 Be7 9. Bd3 c5 10. dxc5 Bxc5 11. O-O Nc6 12. b4 Be7 13. Bb2 b6 14. Qe2 Bb7 15. Rfd1 Qc8 16. Ne4 Nxe4 17. Qxe4 g6 18. Qg4 f5 19. Qg3 Qb8 20. Re1 Qxg3 21. hxg3 Kf7 22. b5 Na5 23. Ne5+ Kg8 24. Rad1 Rad8 25. g4 Bc5 26. gxf5 exf5 27. Bf1 Bc8 28. Be2 Nb3 29. Bf3 Bd4 30. Bxd4 Nxd4 31. Bd5+ Ne6 32. Nc6 Rde8 33. Nxa7 Bd7 34. Nc6 Kg7 35. Ne5 Bc8 36. Bxe6 Bxe6 37. Rd6 Bxc4 38. f4 Bxb5 39. Rb1 Ba4 40. Rbxb6 Rb8 41. Ra6 Ra8 42. Rab6 Rfb8 43. Re6 Rxb6 44. Rxb6 Be8 45. Rb7+ Kh6 46. g4 fxg4 47. Nxg4+ Kh5 48. Nf6+ Kh4 49. Rxh7+ Kg3 50. Rh8 Rxa3 51. Ne4+ Kxf4 52. Rxe8 Re3 53. Kf2 Rxe4 54. Rxe4+ Kxe4 55. Kg3 Kf5 56. Kf3 Kg5 57. Kg3 Kf5 58. Kf3 Ke5 59. Kg4 Kf6 60. Kf4 Kf7 61. Kg5 Kg7 62. Kg4 Kh6 63. Kh4 Kh7 64. Kg5 Kg7 65. Kg4 Kf6 66. Kf4 g5+ 67. Kg4 Kg6 68. Kg3 Kf5 69. Kf3 g4+ 70. Kg3 Kg5 71. Kg2 Kf4 72. Kf2 Ke4 73. Kg3 Kf5 74. Kg2 Kf4 75. Kf2 g3+ 76. Kg2 Kf5 77. Kg1 Kg4 78. Kg2 Kh4 79. Kg1 Kh3 80. Kh1 g2+ 81. Kg1 Kg3 1/2-1/2

[Event "Titled Tuesday 2021.04.13"]
[Site "chess.com INT"]
[Date "2021.04.13"]
[Round "5"]
[White "Tejedor Fuente, Enrique"]
[Black "Kaufman, Raymond"]
[Result "1-0"]
[WhiteElo "2434"]
[BlackElo "2255"]
[PlyCount "81"]
[GameId "2130307587779523"]
[EventDate "2021.04.13"]
[EventType "swiss (blitz)"]
[EventRounds "11"]
[EventCountry "NET"]
[SourceTitle "The Week in Chess 1380"]
[Source "Mark Crowther"]
[SourceDate "2021.04.19"]
[SourceVersion "1"]
[SourceVersionDate "2021.04.19"]
[SourceQuality "2"]

1. e4 c6 2. Nc3 d5 3. Nf3 Nf6 4. e5 Ne4 5. Nxe4 dxe4 6. Ng5 Qd5 7. d4 exd3 8. Qxd3 Qxe5+ 9. Be3 Bf5 10. Qb3 e6 11. Qxb7 Bc5 12. Qxf7+ Kd8 13. O-O-O+ Kc8 14. Bxc5 Qxc5 15. Rd2 Rd8 16. Ba6+ Nxa6 17. Rxd8+ Kxd8 18. Rd1+ Kc8 19. Qd7+ Kb8 20. Qd8+ Kb7 21. Rd7+ Nc7 22. Qxc7+ Ka6 23. Qb7+ Ka5 24. b4+ Qxb4 25. Qxa8 Qa3+ 26. Kd1 Bxc2+ 27. Kxc2 Qc5+ 28. Kd1 Qxg5 29. Qxa7+ Kb4 30. Rd4+ Kc3 31. Rd6 c5 32. f3 Kb2 33. Qb6+ Ka1 34. Qb3 Qe5 35. Rd2 c4 36. Qc2 Qb5 37. Qc1+ Qb1 38. Qxb1+ Kxb1 39. Rc2 c3 40. a4 Ka1 41. a5 1-0

[Event "Titled Tuesday 2021.04.13"]
[Site "chess.com INT"]
[Date "2021.04.13"]
[Round "7"]
[White "Kaufman, Raymond"]
[Black "Schekachikhin, Maksim"]
[Result "0-1"]
[WhiteElo "2255"]
[BlackElo "2417"]
[PlyCount "54"]
[GameId "2130307587783716"]
[EventDate "2021.04.13"]
[EventType "swiss (blitz)"]
[EventRounds "11"]
[EventCountry "NET"]
[SourceTitle "The Week in Chess 1380"]
[Source "Mark Crowther"]
[SourceDate "2021.04.19"]
[SourceVersion "1"]
[SourceVersionDate "2021.04.19"]
[SourceQuality "2"]

1. d4 Nf6 2. c4 d6 3. Nf3 g6 4. Nc3 Bf5 5. Qb3 Qc8 6. Bg5 Ne4 7. Nxe4 Bxe4 8. Nd2 Bf5 9. e4 Bd7 10. Be2 Bg7 11. Nf3 Nc6 12. O-O-O e5 13. d5 Nd4 14. Nxd4 exd4 15. f4 O-O 16. Kb1 Re8 17. Bf3 c6 18. Bh4 Rb8 19. Bf2 c5 20. h4 b5 21. h5 bxc4 22. Qxc4 Rb4 23. Qc1 d3 24. Rd2 c4 25. e5 c3 26. Rxd3 Bf5 27. Be2 Rxb2+ 0-1

[Event "Titled Tuesday 2021.04.13"]
[Site "chess.com INT"]
[Date "2021.04.13"]
[Round "11"]
[White "Ismayil, Malak"]
[Black "Kaufman, Raymond"]
[Result "1/2-1/2"]
[WhiteElo "1997"]
[BlackElo "2255"]
[PlyCount "116"]
[GameId "2130307587796220"]
[EventDate "2021.04.13"]
[EventType "swiss (blitz)"]
[EventRounds "11"]
[EventCountry "NET"]
[SourceTitle "The Week in Chess 1380"]
[Source "Mark Crowther"]
[SourceDate "2021.04.19"]
[SourceVersion "1"]
[SourceVersionDate "2021.04.19"]
[SourceQuality "2"]

1. e4 c6 2. d4 d5 3. exd5 cxd5 4. Bd3 Nc6 5. c3 Nf6 6. h3 Qc7 7. Nf3 g6 8. O-O Bg7 9. Re1 O-O 10. Bg5 Bf5 11. Bb5 Ne4 12. Bxc6 bxc6 13. Nbd2 Nxg5 14. Nxg5 Rab8 15. b4 e5 16. Ngf3 e4 17. Nh2 a5 18. a3 Bc8 19. Nb3 f5 20. Nxa5 f4 21. Nb3 Bh6 22. f3 Bf5 23. Nc5 Rbe8 24. a4 Bg7 25. a5 h5 26. a6 g5 27. fxe4 dxe4 28. Qxh5 Qe7 29. Ng4 e3 30. Nh6+ Bxh6 31. Qxh6 Rf7 32. a7 Rh7 33. Qxc6 f3 34. a8=Q f2+ 35. Kh2 Rxa8 36. Rxa8+ Kg7 37. Rxe3 Qxe3 38. Ra7+ Kf8 39. Qa8+ Qe8 40. Qxe8+ Kxe8 41. Ra1 g4 42. Kg3 gxh3 43. gxh3 Rxh3+ 44. Kxf2 Rxc3 45. Re1+ Kd8 46. Re5 Bc8 47. b5 Kc7 48. Re8 Rc2+ 49. Ke3 Bf5 50. Re7+ Kd6 51. Rf7 Bg4 52. Rf6+ Kd5 53. b6 Rc3+ 54. Kd2 Kxd4 55. Rd6+ Kxc5 56. Kxc3 Kxd6 57. b7 Kc7 58. b8=Q+ Kxb8 1/2-1/2

[Event "Titled Tuesday 2021.01.19"]
[Site "chess.com INT"]
[Date "2021.01.19"]
[Round "5"]
[White "Kaufman, Raymond"]
[Black "Goncharov, Vladimir"]
[Result "1-0"]
[WhiteElo "2255"]
[BlackElo "2077"]
[PlyCount "43"]
[GameId "2130307590141968"]
[EventDate "2021.01.19"]
[EventType "swiss (blitz)"]
[EventRounds "11"]
[EventCountry "NET"]
[SourceTitle "The Week in Chess 1368"]
[Source "Mark Crowther"]
[SourceDate "2021.01.25"]
[SourceVersion "2"]
[SourceVersionDate "2021.01.26"]
[SourceQuality "2"]

1. e4 e6 2. d3 d5 3. Qe2 c5 4. exd5 Qxd5 5. Nc3 Qd8 6. g3 Bd7 7. Bg2 Bc6 8. Nf3 Nf6 9. O-O Be7 10. Ne4 Nbd7 11. Nfg5 Rc8 12. Nxf7 Kxf7 13. Ng5+ Ke8 14. Nxe6 Qb6 15. Re1 Bxg2 16. Nxg7+ Kf7 17. Qxe7+ Kg6 18. Ne6 Qxe6 19. Rxe6 Rhe8 20. Qxd7 Rxe6 21. Qxe6 Re8 22. Qxe8+ 1-0